000
00292nam a22001217a 4500
008
230703b xxu||||| |||| 00| 0 eng d
082
_a
348
_b
ORR
100
_c
Commonwealth of Australia 1998
245
_a
A Guide to Regulation
260
_c
1998
300
_a
various paging
942
_2
ddc
_c
BK
999
_c
3218
_d
3218